| 000 | nam a22 7a 4500 | ||
|---|---|---|---|
| 999 |
_c2559 _d2559 |
||
| 005 | 20170517111808.0 | ||
| 008 | 170517b1995 enk||||| |||| 00| 0 eng d | ||
| 020 |
_a0750622822 (pbk) : _cNo price |
||
| 040 | _aAKMAL | ||
| 082 | _a621.3815483 HIC | ||
| 090 |
_a621.3815483 _bHIC |
||
| 100 | 1 |
_aHickman, Ian _95335 |
|
| 245 |
_aOscilloscopes : _bhow to use them, how they work / _cIan Hickman |
||
| 250 | _a4th ed. | ||
| 260 |
_aOxford : _bNewnes, _c1995 |
||
| 300 |
_a xi,259p. _ccm |
||
| 500 | _a Previous ed.: 1990. | ||
| 504 | _aIncludes bibliographical references and index. | ||
| 650 | 0 |
_aOscilloscopes. _95336 |
|
| 942 |
_2ddc _cBOOK |
||